000 00268nam a22001217a 4500
003 SGT
082 _a612.015
_bS20R
100 _aRENU
245 _aA STUDY OF LEVELS OF VITAMIN D AND ANTI-MULLERIN
260 _aSGTU
_c2020
650 _aBIOCHEMISTRY
942 _2ddc
_cTH
999 _c20746
_d20746